000 03748cam a2200469 i 4500
001 19454849
003 ARRUPE
005 20211026095300.0
008 170117s2017 nyu b 001 0 eng
010 _a 2016050813
_z 2016961842
020 _a9780374274788 (hardback)
020 _z9780374715823 (e-book)
040 _aDLC
_beng
_cDLC
_erda
_dDLC
042 _apcc
050 0 0 _aD217
_b.M45 2017
082 0 0 _a909.8
_223
084 _aHIS037000
_aHIS037080
_aPOL000000
_2bisacsh
100 1 _aMishra, Pankaj,
_eauthor.
_950606
245 1 0 _aAge of anger :
_ba history of the present /
_cPankaj Mishra.
250 _aFirst American edition.
260 _aUnited Kingdom
_bAllen Lane
_c2017
300 _aix, 406 pages ;
_c22 cm
504 _aIncludes bibliographical references (pages 347-372) and index.
505 0 _aPrologue: Forgotten Conjunctures -- Clearing a Space : History's Winners and their Illusions -- Loving Oneself Through Others : Progress and its Contradictions -- Losing My Religion : Islam, Secularism and Revolution -- Regaining My Religion : I. Nationalism Unbound; I I. Messianic Visions -- Finding True Freedom and Equality : The Heritage of Nihilism -- Epilogue: Finding Reality.
520 2 _a"One of our most important public intellectuals reveals the hidden history of our current global crisis. How can we explain the origins of the great wave of paranoid hatreds that seem inescapable in our close-knit world--from American shooters and ISIS to Donald Trump, from a rise in vengeful nationalism across the world to racism and misogyny on social media? In Age of Anger, Pankaj Mishra answers our bewilderment by casting his gaze back to the eighteenth century before leading us to the present. He shows that as the world became modern, those who were unable to enjoy its promises--of freedom, stability and prosperity--were increasingly susceptible to demagogues. The many who came late to this new world--or were left, or pushed, behind--reacted in horrifyingly similar ways: intense hatred of invented enemies, attempts to re-create an imaginary golden age, and self-empowerment through spectacular violence. It was from among the ranks of the disaffected that the militants of the 19th century arose--angry young men who became cultural nationalists in Germany, messianic revolutionaries in Russia, bellicose chauvinists in Italy, and anarchist terrorists internationally. Today, just as then, the wide embrace of mass politics and technology and the pursuit of wealth and individualism have cast many more billions adrift in a literally demoralized world, uprooted from tradition but still far from modernity--with the same terrible results. Making startling connections and comparisons, Age of Anger is a book of immense urgency and profound argument. It is a history of our present predicament unlike any other"--
650 0 _aWorld politics
_yTo 1900.
_950607
650 0 _aWorld politics
_y1989-
_932
650 0 _aCivilization, Modern.
650 0 _aCivilization, Western.
_924069
650 0 _aAnger
_xPolitical aspects
_xHistory.
_950608
650 0 _aSocial change
_xPolitical aspects
_xHistory.
_950609
650 0 _aYouth
_xPolitical activity
_xHistory.
_950610
650 0 _aNationalism
_xHistory.
_950611
650 0 _aTerrorism
_xHistory.
_91447
650 0 _aReligion and politics
_xHistory.
_950612
650 7 _aHISTORY / World.
_2bisacsh
_950613
650 7 _aHISTORY / Modern / 21st Century.
_2bisacsh
_950614
650 7 _aPOLITICAL SCIENCE / General.
_2bisacsh
_950615
906 _a7
_bcbc
_corignew
_d1
_eecip
_f20
_gy-gencatlg
942 _2lcc
_cMONOGRAPH
999 _c130948
_d130948